01180nam a2200193Ia 4500001001100000003001000011008004100021040002500062041001300087100002000100245007300120250001100193260010000204300001200304500026000316501011400576520026000690650003600950L200-53747IT-CnALBA170116s9999||||xx |||||||||||||| ||und|| aIT-CnALBAcIT-CnALBA aITALIANO aMARRAS VINCENZO 0aSTORIA DELLA CHIESA. DALL'ILLUMINISMO AL TERZO MILLENNIO. VOL. III.  a1a ed. aCINISELLO BALSAMO (MI)bPERIODICI SAN PAOLO ED. c2001 [1° Ed.:2001 - Ed.Ling.Originale: 2001] a250 p.  aDUEMILA ANNI DI CRISTIANESIMO. ILLUMINISMO E RIVOLUZIONE. LA CHIESA OLTRE OCEANO. L'ETA' DELLA RESTAURAZIONE. LA SANTA RUSSIA. PIO IX E FINE DEL POTERE TEMPORALE. LA CHIESA E IL PROBLEMA SOCIALE. PIO X E IL MODERNISMO. LA GRANDE GUERRA. PIO XI E LE DITTAT aSocietà San Paolo EM - Piazza San Paolo, 14 - 12051 ALBA (CN) (non commercial uses only) ® Copyright 2017 aDUEMILA ANNI DI CRISTIANESIMO. ILLUMINISMO E RIVOLUZIONE. LA CHIESA OLTRE OCEANO. L'ETA' DELLA RESTAURAZIONE. LA SANTA RUSSIA. PIO IX E FINE DEL POTERE TEMPORALE. LA CHIESA E IL PROBLEMA SOCIALE. PIO X E IL MODERNISMO. LA GRANDE GUERRA. PIO XI E LE DITTAT aRELIGIONE - RELIGIONE CRISTIANA